Linear and nonlinear programming / (Record no. 13714)
[ view plain ]
| 000 -LEADER | |
|---|---|
| fixed length control field | 00534cam a2200181 a 4500 |
| 020 ## - INTERNATIONAL STANDARD BOOK NUMBER | |
| ISBN | 9780387745022 |
| 082 ## - DEWEY DECIMAL CLASSIFICATION NUMBER | |
| Classification number | 519.72 |
| Item number | LUE/DA |
| 100 1# - MAIN ENTRY--AUTHOR NAME | |
| Personal name | Luenberger, David G., |
| 245 10 - TITLE STATEMENT | |
| Title | Linear and nonlinear programming / |
| 250 ## - EDITION STATEMENT | |
| Edition statement | 3rd ed. (Indian ed) |
| 260 ## - PUBLICATION, DISTRIBUTION, ETC. (IMPRINT) | |
| Place of publication | New York, NY : |
| Name of publisher | Springer, |
| Year of publication | c2008. |
| 300 ## - PHYSICAL DESCRIPTION | |
| Number of Pages | xiii, 546 p. : |
| Other physical details | ill. ; |
| 490 0# - SERIES STATEMENT | |
| Series statement | International series in operations research and management science |
| 650 #0 - SUBJECT ADDED ENTRY--TOPICAL TERM | |
| Topical Term | Linear programming. |
| 650 #0 - SUBJECT ADDED ENTRY--TOPICAL TERM | |
| Topical Term | Nonlinear programming. |
| 700 1# - ADDED ENTRY--PERSONAL NAME | |
| Personal name | Ye, Yinyu. |
| 942 ## - ADDED ENTRY ELEMENTS (KOHA) | |
| Koha item type | Books |
| Withdrawn status | Lost status | Damaged status | Collection code | Home library | Current library | Shelving location | Date acquired | Source of acquisition | Cost, normal purchase price | Full call number | Accession Number | Koha item type |
|---|---|---|---|---|---|---|---|---|---|---|---|---|
| Non-fiction | KAUAET | KAUAET | General Stacks | 31/03/2012 | Southern Book Star | 595.00 | 519.72 LUE/DA | 23391 | Books |
